Praxis cristiana

Saved in:
Bibliografiske detaljer
Hovedforfatter: Rincón Orduña, Raimundo (Author)
Andre forfattere: Mora Bartrés, Gaspar (autor), López Azpitarte, Eduardo (autor)
Format: Bog
Sprog:spansk
Udgivet: Madrid Paulinas 1980
Udgivelse:2a. ed
Fag:
Tags: Tilføj Tag
Ingen Tags, Vær først til at tagge denne postø!

MARC

LEADER 00000nam a2200000 a 4500
001 UCL2238
003 CL-VaPUC
008 031017e19800000SP |||||||||||||||||spa|d
020 |a 8428508186 
082 0 4 |a 241  |b RIN  |2 21 
100 0 |a Rincón Orduña, Raimundo  |e author  |9 479287 
700 |a Mora Bartrés, Gaspar  |e autor  |9 479288 
700 |a López Azpitarte, Eduardo  |e autor  |9 522950 
245 1 0 |a Praxis cristiana 
250 |a 2a. ed 
300 |a v 
942 |c BK 
945 |d 20031017 00:00:00  |a vberengu 
260 |a Madrid  |b Paulinas  |c 1980 
500 |a v.1: Fundamentación 
650 0 |a Teología moral   |9 256617 
650 0 |a Moral  |9 265913 
650 0 |a Comportamiento moral  |9 334569 
650 0 |a Ética  |9 255099 
583 |a last modification  |c 20031017 00:00:00  |k Rodrigo Vera 
999 |c 305589  |d 305587 
952 |0 0  |1 0  |4 0  |6 241_000000000000000_RIN_1980  |7 0  |8 A  |9 369706  |a BIBTEO  |b BIBTEO  |d 2019-11-21  |h v.1  |i 2080885  |o 241 RIN 1980  |p 2080885  |r 2025-01-17  |w 2019-11-21  |y BK  |k ICR